Zmluvy, podania a žaloby pre podnikateľov vo vzoroch
Obchodný zákonník: Zakladateľské zmluvy. Obchodné záväzkové vzťahy a podania. Autorské zmluvy. Mimozáväzkové žaloby a podania. Občiansky zákonník: Zakladateľské zmluvy. Vlastnícke právo. Dedenie. Záväzkové právo. Občiansky súdny poriadok: Podania a žaloby. Zákonník práce: Zmluvy podania a žaloby. Sp...
Uložené v:
| Médium: | Kapitola |
|---|---|
| Jazyk: | Slovak |
| Predmet: | |
| Tagy: |
Žiadne tagy, Buďte prvý, kto otaguje tento záznam!
|
MARC
| LEADER | 00000naa a2200000 4500 | ||
|---|---|---|---|
| 001 | r044136 | ||
| 005 | 20230919092931.2 | ||
| 041 | 0 | |a slo | |
| 044 | |a SK | ||
| 245 | 1 | 0 | |a Zmluvy, podania a žaloby pre podnikateľov vo vzoroch |
| 520 | |a Obchodný zákonník: Zakladateľské zmluvy. Obchodné záväzkové vzťahy a podania. Autorské zmluvy. Mimozáväzkové žaloby a podania. Občiansky zákonník: Zakladateľské zmluvy. Vlastnícke právo. Dedenie. Záväzkové právo. Občiansky súdny poriadok: Podania a žaloby. Zákonník práce: Zmluvy podania a žaloby. Správne konanie. Daňové konanie. Stavebné konanie. Konkurz a vyrovnanie. Trestný zákon a Trestný poriadok. Exekučný poriadok. Návrhy podaní. | ||
| 610 | 2 | 0 | |a zmluvy |
| 610 | 2 | 0 | |a vzory |
| 610 | 2 | 0 | |a zákonník občiansky |
| 610 | 2 | 0 | |a zákonník obchodný |
| 610 | 2 | 0 | |a poriadok súdny občiansky |
| 610 | 2 | 0 | |a zákonník práce |
| 610 | 2 | 0 | |a konkurzy |
| 610 | 2 | 0 | |a vyrovnanie |
| 610 | 2 | 0 | |a exekúcia |